Object-oriented software engineering : (Record no. 193405)
[ view plain ]
| 000 -LEADER | |
|---|---|
| fixed length control field | 01066 a2200217 4500 |
| 003 - CONTROL NUMBER IDENTIFIER | |
| control field | Nust |
| 005 - DATE AND TIME OF LATEST TRANSACTION | |
| control field | 20220803163022.0 |
| 020 ## - INTERNATIONAL STANDARD BOOK NUMBER | |
| International Standard Book Number | 8178084325 |
| 040 ## - CATALOGING SOURCE | |
| Transcribing agency | Nust |
| 082 1# - DEWEY DECIMAL CLASSIFICATION NUMBER | |
| Classification number | 005.1,JAC |
| 100 ## - MAIN ENTRY--PERSONAL NAME | |
| Personal name | Jacobson, Ivar |
| 9 (RLIN) | 61076 |
| 245 00 - TITLE STATEMENT | |
| Title | Object-oriented software engineering : |
| Remainder of title | a use case driven approach / |
| Statement of responsibility, etc. | Ivar Jacobson ... |
| 250 ## - EDITION STATEMENT | |
| Edition statement | low price edition |
| 260 ## - PUBLICATION, DISTRIBUTION, ETC. | |
| Place of publication, distribution, etc. | India |
| Name of publisher, distributor, etc. | Pearson Education |
| -- | Addison-Wesley, |
| Date of publication, distribution, etc. | 1992 |
| 300 ## - PHYSICAL DESCRIPTION | |
| Extent | xxii, 527p |
| Other physical details | ill. |
| 505 ## - FORMATTED CONTENTS NOTE | |
| Formatted contents note | System Development As An Industrial Process (Page-1), The System Life Cycle (Page-21), What Is Object Orientation (Page-42), Object Oriented Sys Development (Page-69), Object Oriented Programming (Page-84), Architecture (Page-109), Analysis (Page-153), Construction (Page-201),Real Time Specialization (Page-258), Database Specialization (Page-274), Components (Page-389), Testing (Page-313), Applications (Page-341). |
| 650 #4 - SUBJECT ADDED ENTRY--TOPICAL TERM | |
| Topical term or geographic name entry element | Object oriented programmering |
| 9 (RLIN) | 96474 |
| 650 #4 - SUBJECT ADDED ENTRY--TOPICAL TERM | |
| Topical term or geographic name entry element | Software engineering |
| 9 (RLIN) | 2256 |
| 700 1# - ADDED ENTRY--PERSONAL NAME | |
| Personal name | Jacobson, Ivar, |
| Dates associated with a name | 1939- |
| Relator code | oth |
| 9 (RLIN) | 96475 |
| 942 ## - ADDED ENTRY ELEMENTS (KOHA) | |
| Source of classification or shelving scheme | |
| Koha item type | Book |
| Call number prefix | 005.1,JAC |
| Withdrawn status | Lost status | Source of classification or shelving scheme | Damaged status | Not for loan | Permanent Location | Current Location | Shelving location | Date acquired | Full call number | Barcode | Date last seen | Price effective from | Koha item type | Public note |
|---|---|---|---|---|---|---|---|---|---|---|---|---|---|---|
| Military College of Signals (MCS) | Military College of Signals (MCS) | General Stacks | 12/12/2016 | 005.1,JAC | MCS32401 | 12/08/2016 | 12/12/2016 | Book | Almirah No.3, Shelf No.5 |
